=LDR 00000nam 2200000 4500 =001 NUTBA000000000003831 =005 20140827135149.0 =006 =007 =008 =020 ##$$a 978-602-97599-6-9 =035 ##$$a 0010-081400000000676 =040 ##$$a NBPDMAT =082 ##$$a 618.2 =084 ##$$a 618.2 Rin s =090 ##$$a 618.2 Rin s =100 ##$$a Rina Verina Cho =245 ##$$a 1001 Tips agar Cepat Hamil jilid III : Darah O / $c Rina Verina Cho =260 ##$$a Yogyakarta : $b Shopia Timur Publisher, $c 2013 =300 ##$$a 102 hlm. ; $c 21 cm. =500 ##$$a Bibliografi : hlm. 101 =650 ##$$a HAMIL =990 ##$$a 21408547 =990 ##$$a 0001/BPAP-NTB/20142014 =990 ##$$a 0001/BPAP-NTB/20142014 =990 ##$$a 0001/BPAP-NTB/20142014 =990 ##$$a 0001/BPAP-NTB/20142014 =990 ##$$a 0001/BPAP-NTB/20142014